| 000 | 00348 a2200157 4500 | ||
|---|---|---|---|
| 001 | 184897 | ||
| 020 | _a85-16-7843-X | ||
| 040 | _cMagnum | ||
| 100 | _aAlmeida, Zelia | ||
| 240 | 1 | 0 |
_aE por falar em chaminés _lpor |
| 245 | 1 | 0 | _aE por falar em chaminés |
| 300 | _a16 | ||
| 362 | 0 | _a1975 | |
| 697 | _aLITERATURA INFANTO-JUVENIL | ||
| 942 | _cBK | ||
| 999 |
_c184897 _d184897 |
||